The tragedy of Hamlet prince of Denmark

Gardado en:
Detalles Bibliográficos
Autor Principal: Shakespeare, William
Formato: Libro
Idioma:Undetermined
Publicado: London Blackie and Son Limited [1970]
Những chủ đề:
Các nhãn: Engadir etiqueta
Sen Etiquetas, Sexa o primeiro en etiquetar este rexistro!
Thư viện lưu trữ: Trung tâm Học liệu Trường Đại học Cần Thơ
LEADER 00597nam a2200205Ia 4500
001 CTU_83993
008 210402s9999 xx 000 0 und d
082 |a 822.33 
082 |b S527 
100 |a Shakespeare, William 
245 4 |a The tragedy of Hamlet prince of Denmark 
245 0 |c William Shakespeare ; Edmund K. Chambers 
260 |a London 
260 |b Blackie and Son Limited 
260 |c [1970] 
650 |a English drama 
650 |y 17th century 
904 |i Trúc, Qhieu 
910 |a Sửa Cutter thành S527 
980 |a Trung tâm Học liệu Trường Đại học Cần Thơ